000 00538nam a2200145Ia 4500
008 180321s2002 xx 000 0 und d
082 _a323.4 QUI
100 _aQuinn, Gerard
245 _aHuman rights and disability: The current use and future potential of United Nations human rights instruments in the contect of disability
260 _aUnited Nations
_bHigh Commissioner for Human Rights
_c2002
300 _a286
650 _aHuman rights - gender - disability
700 _aDegener, Theresiaa
906 _aReceived on 12.01.2018
999 _c110926
_d110926